000 00930cam a2200253 a 4500
003 EG-GiCUC
008 081226m19749999ua g 000 0 ara d
017 _a1973 / 555
_bمصر.دار الكتب
040 _aEG-GiCUC
_bara
_cEG-GiCUC
092 0 4 _a340
_bA861
_221
099 _a04
_a340 A861
100 1 _aالاسيوطى : ثروت انيس
245 1 0 _aمبادئ القانون /
_cثروت انيس الاسيوطى
260 _aالقاهرة :
_bدار النهضة العربية :
_c1974-
300 _aمج ؛
_c24سم
504 _aيشتمل على ارجاعات ببليوجرافية
590 _aالمكتبة تقتنى فقط المجلد الاول
650 7 _aالقانون
_2qrmak
902 _a1
905 _aاميرة
_eمدخل
905 _aجيهان
_eمراجع
942 _2ddc
_cBK
999 _c100481
_d100481